| 000 | 00636nam a22001697a 4500 | ||
|---|---|---|---|
| 008 | 131016b xxu||||| |||| 00| 0 eng d | ||
| 082 |
_221 ed. _a345.052 SHA |
||
| 100 | _aSharma, Abhijeet | ||
| 245 |
_aGuide to DNA Test in Paternity Determination and Criminal Investigation (A Lawyers Handbook) _c Abhijeet Sharma |
||
| 250 | _a1 ed. | ||
| 260 |
_aNew Delhi, India : _bWadhwa and Company Law publisher _c2007 |
||
| 300 |
_alix, 1141 P. ; _c25 cm. |
||
| 500 | _aIncludes Index | ||
| 650 | _a Criminal Investigation | ||
| 650 | _aGuide to DNA Test in Paternity Determination and Criminal Investigation (A Lawyers | ||
| 942 |
_2ddc _cBK |
||
| 999 |
_c5777 _d5777 |
||